| 000 | 01316cad a2200313 4500 | ||
|---|---|---|---|
| 001 | L158404 | ||
| 008 | 040913n2014 000 0 eng u | ||
| 035 | _a(Sirsi) u158404 | ||
| 041 | _aeng | ||
| 110 | 2 |
_aRoyal Institution of Chartered Surveyors _94900 |
|
| 245 | 0 | 0 |
_aSustainable urban drainage _bRetrofitting for improved flood mitigation in city centres _h[electronic resource] |
| 260 |
_aLondon _bRICS _c2014 |
||
| 490 | 0 | _aRICS Research | |
| 520 | _aExamines the potential for mitigation of predominantly pluvial flooding in central business districts (CBD) through retrofitting of sustainable urban drainage systems. It draws upon case studies in the commercial office sector in Melbourne, Australia and Newcastle, UK. | ||
| 650 | 2 | 4 | _aSUSTAINABLE URBAN DRAINAGE SYSTEMS |
| 650 | 2 | 4 | _aFLOOD MANAGEMENT |
| 650 | 2 | 4 | _aGREEN ROOFS |
| 650 | 2 | 4 | _aCENTRAL BUSINESS DISTRICT |
| 651 | 4 | _aUnited Kingdom | |
| 651 | 4 | _aAustralia | |
| 690 |
_aSustainability _96271 |
||
| 690 |
_aPlanning and development _96259 |
||
| 700 | 1 | _aLamond, Jessica | |
| 700 | 1 | _aWilkinson, Sara | |
| 700 | 1 | _aRose, Carley | |
| 700 | 1 | _aProverbs, David | |
| 856 | 4 | 8 |
_uhttps://www.propertyresearchtrust.org/uploads/1/3/4/8/134819607/sustainable_urban_drainage.pdf _zAvailable from Property Research Trust |
| 942 |
_n0 _2ddc |
||
| 999 |
_c115292 _d115292 |
||